[Event "HUN-chT 2223"]
[Site "Hungary"]
[Date "2023.02.12"]
[Round "5.6"]
[White "Korpa, Bence"]
[Black "Kormos, Andras"]
[Result "1-0"]
[WhiteElo "2500"]
[BlackElo "2122"]
[PlyCount "101"]
[EventDate "2022.11.20"]
[EventType "team-tourn"]
[EventRounds "9"]
[EventCountry "HUN"]
[SourceTitle "CBM 213 Extra"]
[Source "ChessBase"]
[SourceDate "2023.05.31"]
[SourceVersion "1"]
[SourceVersionDate "2023.05.31"]
[SourceQuality "1"]
[WhiteTeam "Ajka Sentimento"]
[BlackTeam "Hetenyi Geza"]
[WhiteTeamCountry "HUN"]
[BlackTeamCountry "HUN"]

1. c4 g6 2. g3 c5 3. Bg2 Nc6 4. Nc3 Bg7 5. d3 b6 6. h4 h5 7. Nh3 Bb7 8. Rb1 Nf6 9. a3 d6 10. Bg5 Qd7 11. 0-0 0-0 12. b4 Nd8 13. Nd5 Ne6 14. Bxf6 exf6 15. Ndf4 Bxg2 16. Kxg2 Nc7 17. e3 Rfe8 18. Qf3 Rab8 19. Rfd1 cxb4 20. Rxb4 Re5 21. d4 Ra5 22. c5 Rxa3 23. cxb6 axb6 24. Nd5 Nxd5 25. Qxd5 b5 26. Rdb1 Ra5 27. Nf4 Kf8 28. Ne2 Qb7 29. Qxb7 Rxb7 30. Nc3 Ke7 31. Nxb5 f5 32. Nc3 Rxb4 33. Rxb4 Bf6 34. Rb7+ Ke8 35. Kf3 Be7 36. Nb5 Bf8 37. Rb8+ Ke7 38. Nc7 Bh6 39. Nb5 g5 40. Rb7+ Ke6 41. Nxd6 f6 42. Nf7 g4+ 43. Kg2 Bxe3 44. fxe3 Ra2+ 45. Kf1 Ra1+ 46. Ke2 Ra2+ 47. Kd3 Rg2 48. Nh6 Rxg3 49. Rb6+ Kd7 50. Nxf5 Rf3 51. Ke4 1-0

[Event "HUN-chT 2223"]
[Site "Hungary"]
[Date "2022.12.04"]
[Round "2.8"]
[White "Kormos, Andras"]
[Black "Szeberenyi, Adam"]
[Result "0-1"]
[WhiteElo "2122"]
[BlackElo "2349"]
[PlyCount "44"]
[EventDate "2022.11.20"]
[EventType "team-tourn"]
[EventRounds "9"]
[EventCountry "HUN"]
[SourceTitle "CBM 211 Extra"]
[Source "ChessBase"]
[SourceDate "2023.01.31"]
[SourceVersion "1"]
[SourceVersionDate "2023.01.31"]
[SourceQuality "1"]
[WhiteTeam "Hetenyi Geza"]
[BlackTeam "Biatorbagy"]
[WhiteTeamCountry "HUN"]
[BlackTeamCountry "HUN"]

1. c4 e5 2. Nc3 Nf6 3. g3 d5 4. cxd5 Nxd5 5. Bg2 Nf6 6. Nf3 Nc6 7. d3 h6 8. a3 a5 9. h3 Bd6 10. Be3 0-0 11. 0-0 Re8 12. Rc1 Bf5 13. Nb5 Qd7 14. Nxd6 cxd6 15. Kh2 a4 16. Rc4 Ne7 17. Qc2 Nfd5 18. Bxh6 gxh6 19. e4 b5 20. exf5 bxc4 21. dxc4 Nf6 22. g4 e4 0-1

[Event "HUN-chT 2223"]
[Site "Hungary"]
[Date "2022.11.20"]
[Round "1.9"]
[White "Kormos, Andras"]
[Black "Krstulovic, Alex"]
[Result "0-1"]
[WhiteElo "2122"]
[BlackElo "2411"]
[PlyCount "62"]
[EventDate "2022.11.20"]
[EventType "team-tourn"]
[EventRounds "9"]
[EventCountry "HUN"]
[SourceTitle "CBM 211 Extra"]
[Source "ChessBase"]
[SourceDate "2023.01.31"]
[SourceVersion "1"]
[SourceVersionDate "2023.01.31"]
[SourceQuality "1"]
[WhiteTeam "Hetenyi Geza"]
[BlackTeam "Paks"]
[WhiteTeamCountry "HUN"]
[BlackTeamCountry "HUN"]

1. c4 e5 2. Nc3 Nf6 3. g3 Bb4 4. Qb3 Nc6 5. e3 a5 6. Nge2 0-0 7. Bg2 Re8 8. 0-0 d6 9. h3 Bd7 10. d3 Qc8 11. Kh2 Bc5 12. a3 h5 13. Nd5 Nxd5 14. cxd5 Ne7 15. Bd2 Ng6 16. Rac1 a4 17. Qc2 h4 18. g4 b5 19. Bc3 Bb6 20. Qd2 Qb7 21. e4 c6 22. dxc6 Bxc6 23. f3 d5 24. Bb4 Rad8 25. Rc2 Nf4 26. Nxf4 exf4 27. Kh1 dxe4 28. fxe4 Bxe4 29. Qxf4 Rxd3 30. Bxe4 Rxe4 31. Rc8+ Re8+ 0-1

[Event "HUN-chT2 Erkel 1718"]
[Site "Hungary"]
[Date "2018.01.28"]
[Round "7.6"]
[White "Kormos, Andras"]
[Black "Szego, Krisztian"]
[Result "1/2-1/2"]
[WhiteElo "2109"]
[BlackElo "1750"]
[PlyCount "169"]
[EventDate "2017.09.24"]
[EventType "team-tourn"]
[EventRounds "11"]
[EventCountry "HUN"]
[SourceTitle "EXT 2021"]
[Source "ChessBase"]
[SourceDate "2020.10.23"]
[SourceVersion "1"]
[SourceVersionDate "2020.10.23"]
[SourceQuality "1"]
[WhiteTeam "Budapest EAC"]
[BlackTeam "Andornaktalya"]
[WhiteTeamCountry "HUN"]
[BlackTeamCountry "HUN"]

1. c4 e6 2. g3 Nf6 3. Bg2 d5 4. Nf3 Be7 5. b3 0-0 6. Bb2 c6 7. 0-0 dxc4 8. bxc4 Qb6 9. Qc2 Nbd7 10. Nc3 Qb4 11. d3 Rb8 12. a4 Qa5 13. Nd4 c5 14. Nf3 a6 15. Nd2 Qc7 16. a5 b5 17. cxb5 axb5 18. a6 Qa7 19. Ra5 b4 20. Nce4 Nxe4 21. Nxe4 Rb6 22. Rfa1 Rxa6 23. Rxa6 Bxa6 24. Qa4 Nb8 25. Be5 b3 26. Qxb3 Nc6 27. Bd6 Bxd6 28. Nxd6 Nb4 29. Qc3 Qb6 30. Ne4 Rc8 31. Rb1 Qc7 32. Qa3 Bb7 33. Nxc5 Nc2 34. Qa7 Qxc5 35. Qxc5 Rxc5 36. Rxb7 h5 37. f4 Ne3 38. Rb1 Rc2 39. Bf3 g6 40. h3 Nf5 41. Kf2 Nd4 42. g4 hxg4 43. hxg4 Kg7 44. Ke3 Nxf3 45. Kxf3 Rc5 46. e4 Rc3 47. Ke3 Ra3 48. Rb5 Ra1 49. f5 gxf5 50. gxf5 Kf6 51. fxe6 fxe6 52. Rc5 e5 53. Rc6+ Ke7 54. Rc5 Kd6 55. Rb5 Re1+ 56. Kd2 Ra1 57. Rb6+ Ke7 58. Kc3 Rc1+ 59. Kb4 Rc2 60. Rb5 Kd6 61. Rd5+ Ke6 62. Rc5 Rb2+ 63. Kc3 Rb1 64. Rc6+ Kd7 65. Ra6 Rc1+ 66. Kb4 Ke7 67. Ra5 Kd6 68. Rd5+ Ke6 69. Kb5 Rc3 70. Kb4 Rc1 71. Kb3 Rb1+ 72. Kc2 Ra1 73. Rb5 Kd6 74. Rb6+ Kd7 75. Kd2 Ra3 76. Ke3 Ra1 77. Kf3 Ra3 78. Kg4 Rxd3 79. Kf5 Rd6 80. Rb7+ Ke8 81. Kxe5 Ra6 82. Kf5 Rc6 83. e5 Ra6 84. e6 Ra1 85. Kf6 1/2-1/2

[Event "Budapest-chT1 Lilienthal 1718"]
[Site "Budapest"]
[Date "2017.11.12"]
[Round "3"]
[White "Persanyi, Barnabas"]
[Black "Kormos, Andras"]
[Result "1/2-1/2"]
[WhiteElo "2195"]
[BlackElo "2109"]
[PlyCount "35"]
[EventDate "2017.10.01"]
[EventType "team-tourn"]
[EventRounds "13"]
[EventCountry "HUN"]
[SourceTitle "EXT 2021"]
[Source "ChessBase"]
[SourceDate "2020.10.23"]
[SourceVersion "1"]
[SourceVersionDate "2020.10.23"]
[SourceQuality "1"]
[WhiteTeam "Mattolda"]
[BlackTeam "Budapest EAC II"]
[WhiteTeamCountry "HUN"]
[BlackTeamCountry "HUN"]

1. e4 g6 2. d4 Bg7 3. Nc3 d6 4. Be3 Nf6 5. h3 a6 6. Nf3 b5 7. Bd3 Bb7 8. a3 Nbd7 9. 0-0 0-0 10. Re1 Rc8 11. Qd2 c5 12. d5 e6 13. dxe6 fxe6 14. Bh6 Nh5 15. Bxg7 Kxg7 16. Be2 Qe7 17. Rad1 Rc6 18. Qe3 1/2-1/2

[Event "HUN-chT2 Erkel 1718"]
[Site "Hungary"]
[Date "2017.10.29"]
[Round "3.9"]
[White "Kormos, Andras"]
[Black "Vitalyos, Marton"]
[Result "0-1"]
[WhiteElo "2109"]
[BlackElo "2076"]
[PlyCount "98"]
[EventDate "2017.09.24"]
[EventType "team-tourn"]
[EventRounds "11"]
[EventCountry "HUN"]
[SourceTitle "EXT 2021"]
[Source "ChessBase"]
[SourceDate "2020.10.23"]
[SourceVersion "1"]
[SourceVersionDate "2020.10.23"]
[SourceQuality "1"]
[WhiteTeam "Budapest EAC"]
[BlackTeam "Budapest MTK II"]
[WhiteTeamCountry "HUN"]
[BlackTeamCountry "HUN"]

1. c4 e5 2. Nc3 Nf6 3. g3 Be7 4. Bg2 0-0 5. Nf3 Nc6 6. 0-0 h6 7. d4 exd4 8. Nxd4 Bc5 9. Nb3 Be7 10. Nd5 d6 11. Nd4 Nxd5 12. cxd5 Nxd4 13. Qxd4 Bf6 14. Qc4 Re8 15. Rb1 Qe7 16. e4 a5 17. Be3 c5 18. dxc6 bxc6 19. Rfd1 Be6 20. Qxc6 Bxa2 21. Ra1 Bb3 22. Rd2 Rec8 23. Qxd6 Qxd6 24. Rxd6 Bxb2 25. Rb1 Be5 26. Rb6 a4 27. f4 Bc3 28. e5 Rab8 29. Ra6 Bc4 30. Rxb8 Rxb8 31. Rxa4 Rb1+ 32. Kf2 Be1+ 33. Kf3 Bd5+ 34. Ke2 Bxg2 35. Ra2 Bb4 36. Bd4 Bd5 37. Rb2 Rxb2+ 38. Bxb2 Bc5 39. Bc3 Kh7 40. g4 Kg6 41. h4 Kh7 42. h5 g6 43. hxg6+ fxg6 44. f5 gxf5 45. gxf5 Be4 46. f6 Bd5 47. Be1 Kg6 48. Bg3 Kf5 49. Bh2 Bd4 0-1

[Event "HUN-chT2 Erkel 1617"]
[Site "Hungary"]
[Date "2017.01.29"]
[Round "7.5"]
[White "Kormos, Andras"]
[Black "Kerek, Krisztian"]
[Result "0-1"]
[WhiteElo "2155"]
[BlackElo "2269"]
[PlyCount "112"]
[EventDate "2016.09.25"]
[EventType "team-tourn"]
[EventRounds "11"]
[EventCountry "HUN"]
[SourceTitle "EXT 2021"]
[Source "ChessBase"]
[SourceDate "2020.10.23"]
[SourceVersion "1"]
[SourceVersionDate "2020.10.23"]
[SourceQuality "1"]
[WhiteTeam "Budapest EAC"]
[BlackTeam "Szigetszentmiklos"]
[WhiteTeamCountry "HUN"]
[BlackTeamCountry "HUN"]

1. c4 Nf6 2. Nc3 g6 3. g3 Bg7 4. Bg2 0-0 5. d4 c6 6. e4 d6 7. Nge2 e5 8. 0-0 Nbd7 9. f4 exd4 10. Nxd4 Qb6 11. Kh1 Nxe4 12. Nxe4 Qxd4 13. Nxd6 Nc5 14. Qxd4 Bxd4 15. Rd1 Bg7 16. Nxc8 Rfxc8 17. Be3 Na4 18. Bd4 Nxb2 19. Bxb2 Bxb2 20. Rab1 Rd8 21. Bf3 Rxd1+ 22. Bxd1 Rd8 23. Bc2 Bd4 24. Rxb7 Re8 25. Ba4 Re1+ 26. Kg2 Re2+ 27. Kf1 Rf2+ 28. Ke1 c5 29. Rxa7 Rxa2 30. Ra8+ Kg7 31. Bc6 Rxh2 32. Ra3 h5 33. Bd5 h4 34. gxh4 Rxh4 35. f5 gxf5 36. Ra7 Rh2 37. Rxf7+ Kg6 38. Rf8 Kg5 39. Be6 Bf6 40. Bd5 Bc3+ 41. Kf1 Kf4 42. Kg1 Rb2 43. Kf1 Bd4 44. Re8 Rf2+ 45. Ke1 Ra2 46. Kf1 Kg3 47. Rg8+ Kh4 48. Rg2 Ra1+ 49. Ke2 f4 50. Be6 Be3 51. Rg4+ Kh5 52. Rg2 Ra3 53. Bd5 Bd4 54. Rg8 Kh4 55. Ra8 Rb3 56. Rg8 f3+ 0-1

[Event "HUN-chT2 Erkel 1617"]
[Site "Hungary"]
[Date "2016.12.11"]
[Round "6.6"]
[White "Kormos, Andras"]
[Black "Kiss, Peter2222"]
[Result "0-1"]
[WhiteElo "2155"]
[BlackElo "2133"]
[PlyCount "102"]
[EventDate "2016.09.25"]
[EventType "team-tourn"]
[EventRounds "11"]
[EventCountry "HUN"]
[SourceTitle "EXT 2021"]
[Source "ChessBase"]
[SourceDate "2020.10.23"]
[SourceVersion "1"]
[SourceVersionDate "2020.10.23"]
[SourceQuality "1"]
[WhiteTeam "Budapest EAC"]
[BlackTeam "Budapest Kobanya II"]
[WhiteTeamCountry "HUN"]
[BlackTeamCountry "HUN"]

1. c4 b6 2. Nc3 Bb7 3. e4 e6 4. g3 Bb4 5. Nge2 f5 6. Bg2 Nf6 7. 0-0 Bxc3 8. Nxc3 fxe4 9. d3 d5 10. dxe4 dxc4 11. Qxd8+ Kxd8 12. Rd1+ Kc8 13. Bh3 Re8 14. f3 Nbd7 15. Bf4 Bc6 16. Rac1 Kb7 17. Bf1 b5 18. b4 Nf8 19. a4 a6 20. Bg5 h6 21. Bxf6 gxf6 22. f4 Rad8 23. Kf2 Rd6 24. Rxd6 cxd6 25. Rd1 Kc7 26. axb5 axb5 27. Ra1 d5 28. exd5 exd5 29. Ne2 Ne6 30. Bh3 Kb6 31. Rd1 Nc7 32. Nd4 Na6 33. Nc2 Rd8 34. Ke3 Be8 35. Be6 Nc7 36. Bf5 Bf7 37. Nd4 Re8+ 38. Kf2 Na6 39. Nc2 Nb8 40. Nd4 Na6 41. Bd7 Re4 42. Bf5 Re7 43. Nc2 Nb8 44. Ne3 Nc6 45. Nc2 Ra7 46. Ke3 Ra4 47. Rb1 d4+ 48. Nxd4 Ra3+ 49. Ke4 Rd3 50. Ne6 Ne7 51. g4 Nc8 0-1

[Event "HUN-chT2 Erkel 1617"]
[Site "Hungary"]
[Date "2016.10.30"]
[Round "3.6"]
[White "Karpati, Kende Vajk"]
[Black "Kormos, Andras"]
[Result "0-1"]
[WhiteElo "2014"]
[BlackElo "2155"]
[PlyCount "74"]
[EventDate "2016.09.25"]
[EventType "team-tourn"]
[EventRounds "11"]
[EventCountry "HUN"]
[SourceTitle "EXT 2021"]
[Source "ChessBase"]
[SourceDate "2020.10.23"]
[SourceVersion "1"]
[SourceVersionDate "2020.10.23"]
[SourceQuality "1"]
[WhiteTeam "Fot"]
[BlackTeam "Budapest EAC"]
[WhiteTeamCountry "HUN"]
[BlackTeamCountry "HUN"]

1. d4 g6 2. Nf3 Bg7 3. e4 d6 4. h3 Nf6 5. Bd3 0-0 6. 0-0 c5 7. c3 cxd4 8. cxd4 Nc6 9. Be3 Nb4 10. Nc3 Nxd3 11. Qxd3 b6 12. b4 Bb7 13. Rac1 Qd7 14. Nd2 Ne8 15. f4 e6 16. Qb1 Rc8 17. Qb3 Nf6 18. g4 Rfd8 19. Kh2 Rc7 20. g5 Ne8 21. e5 Rdc8 22. b5 Bf8 23. Nde4 dxe5 24. fxe5 Bxe4 25. Nxe4 Rxc1 26. Bxc1 Qxd4 27. Qf3 Qxe5+ 28. Kg1 Qf5 29. Qe3 Bc5 30. Nxc5 Qxc5 31. Qxc5 bxc5 32. Rd1 Nc7 33. a4 Nd5 34. Rd3 c4 35. Rd4 Nc3 36. Kf2 Nxa4 37. Bd2 Nb6 0-1

[Event "HUN-chT2 Erkel 1617"]
[Site "Hungary"]
[Date "2016.09.25"]
[Round "1.5"]
[White "Kormos, Andras"]
[Black "Pal, Mihaly"]
[Result "1/2-1/2"]
[WhiteElo "2155"]
[BlackElo "2070"]
[PlyCount "26"]
[EventDate "2016.09.25"]
[EventType "team-tourn"]
[EventRounds "11"]
[EventCountry "HUN"]
[SourceTitle "EXT 2021"]
[Source "ChessBase"]
[SourceDate "2020.10.23"]
[SourceVersion "1"]
[SourceVersionDate "2020.10.23"]
[SourceQuality "1"]
[WhiteTeam "Budapest EAC"]
[BlackTeam "Sarkany DSE"]
[WhiteTeamCountry "HUN"]
[BlackTeamCountry "HUN"]

1. c4 e5 2. Nc3 Nf6 3. g3 Bb4 4. Bg2 0-0 5. a3 Bxc3 6. bxc3 c6 7. e4 d5 8. cxd5 cxd5 9. exd5 Nxd5 10. Ne2 Nc6 11. 0-0 Be6 12. Rb1 Qe7 13. Bb2 Rfd8 1/2-1/2

[Event "HUN-chT2 Erkel 1516"]
[Site "Hungary"]
[Date "2016.03.20"]
[Round "9.5"]
[White "Torok, Tamas Titusz"]
[Black "Kormos, Andras"]
[Result "1/2-1/2"]
[WhiteElo "2097"]
[BlackElo "2079"]
[PlyCount "104"]
[EventDate "2015.09.13"]
[EventType "team-tourn"]
[EventRounds "11"]
[EventCountry "HUN"]
[SourceTitle "EXT 2017"]
[Source "ChessBase"]
[SourceDate "2016.10.25"]
[SourceVersion "1"]
[SourceVersionDate "2016.10.25"]
[SourceQuality "1"]
[WhiteTeam "Pestszentlorinc"]
[BlackTeam "Barcza BEAC"]
[WhiteTeamCountry "HUN"]
[BlackTeamCountry "HUN"]

1. e4 g6 2. d4 Bg7 3. Nc3 d6 4. Be2 a6 5. Be3 b5 6. a3 Bb7 7. Nf3 Nf6 8. d5 c6 9. Qd2 h6 10. 0-0 Nbd7 11. dxc6 Bxc6 12. Nd4 Nxe4 13. Qd3 Ndc5 14. Nxc6 Qd7 15. Bxc5 Nxc5 16. Qf3 Rc8 17. Nb4 0-0 18. Nbd5 Qd8 19. Rad1 e6 20. Nf4 d5 21. Rfe1 Qc7 22. g3 d4 23. Na2 e5 24. Nd5 Qd6 25. Ndc3 Qe6 26. Qd5 dxc3 27. Nxc3 Qf5 28. Bd3 e4 29. Bxe4 Nxe4 30. Nxe4 Qxd5 31. Rxd5 Bxb2 32. Nc5 Rfd8 33. Rxd8+ Rxd8 34. Nxa6 Bxa3 35. Nc7 Rd2 36. Re8+ Kg7 37. Rb8 g5 38. Rxb5 Rxc2 39. Nd5 Bc5 40. Ne3 Bxe3 41. fxe3 Re2 42. Rb3 Kg6 43. g4 Kf6 44. Rb6+ Ke5 45. Rxh6 Rxe3 46. Kf2 Rd3 47. h3 Ra3 48. Kg2 f6 49. Rg6 Rb3 50. Rh6 Ke6 51. Rh8 Ke5 52. Ra8 Ke6 1/2-1/2

[Event "Budapest-chT1 Lilienthal 1516"]
[Site "Budapest"]
[Date "2015.09.27"]
[Round "2"]
[White "Havasi, Janos"]
[Black "Kormos, Andras"]
[Result "1-0"]
[WhiteElo "2156"]
[BlackElo "2079"]
[PlyCount "151"]
[EventDate "2015.09.20"]
[EventType "team-tourn"]
[EventRounds "9"]
[EventCountry "HUN"]
[SourceTitle "EXT 2021"]
[Source "ChessBase"]
[SourceDate "2020.10.23"]
[SourceVersion "1"]
[SourceVersionDate "2020.10.23"]
[SourceQuality "1"]
[WhiteTeam "Budapest Vasas II"]
[BlackTeam "Budapest EAC II"]
[WhiteTeamCountry "HUN"]
[BlackTeamCountry "HUN"]

1. e4 g6 2. d4 Bg7 3. Nf3 d6 4. c3 Nf6 5. Bd3 0-0 6. 0-0 Nc6 7. h3 e5 8. Be3 exd4 9. Nxd4 Ne5 10. Bc2 Nc4 11. Bc1 Re8 12. b3 Nb6 13. Re1 a6 14. Bf4 Nbd7 15. Bh2 Nc5 16. Nd2 b5 17. a4 Bb7 18. f3 Ne6 19. Ne2 Nd7 20. Nf1 Qg5 21. Kh1 Qc5 22. Qd2 d5 23. Bg1 Qc6 24. Rad1 Nf6 25. e5 Nd7 26. Nd4 Nxd4 27. cxd4 bxa4 28. bxa4 Nb6 29. Bb3 a5 30. Rc1 Qd7 31. Qc2 Rec8 32. Be3 Ba6 33. Nd2 Bf8 34. Qa2 Bb7 35. Rc2 Bc6 36. Ra1 Rab8 37. Nf1 Bb4 38. Bd2 Na8 39. Rac1 Bxd2 40. Nxd2 Bb7 41. Rc5 Nb6 42. Rxa5 Ra8 43. Rxa8 Rxa8 44. a5 Nc8 45. Rc5 Ne7 46. Qc2 c6 47. Nf1 Ba6 48. Ne3 Bb5 49. Qc3 h5 50. Qb4 Qd8 51. Nxd5 Nxd5 52. Bxd5 Rxa5 53. Qb2 Ba4 54. Rxa5 Qxa5 55. Be4 Qe1+ 56. Kh2 Bb5 57. Qb1 Qf2 58. Qg1 Qd2 59. h4 Kg7 60. Kh1 g5 61. hxg5 Qxg5 62. g3 Qd2 63. f4 Qe2 64. Bg2 Qd2 65. Bf3 Kh6 66. Be4 Kg7 67. f5 Qe2 68. f6+ Kf8 69. Bg2 Qg4 70. Qa1 Qc8 71. Qa3+ Kg8 72. Qe3 Qg4 73. Qf4 Qg6 74. Be4 Qg4 75. Qxg4+ hxg4 76. Kg2 1-0

[Event "HUN-chT2 Erkel 1415"]
[Site "Hungary"]
[Date "2014.11.30"]
[Round "3.4"]
[White "Kormos, Andras"]
[Black "Gubics, Peter"]
[Result "0-1"]
[WhiteElo "2092"]
[BlackElo "2091"]
[PlyCount "96"]
[EventDate "2014.09.28"]
[EventType "team-tourn"]
[EventRounds "9"]
[EventCountry "HUN"]
[SourceTitle "EXT 2016"]
[Source "ChessBase"]
[SourceDate "2015.10.08"]
[SourceVersion "1"]
[SourceVersionDate "2015.10.08"]
[SourceQuality "1"]
[WhiteTeam "BEAC"]
[BlackTeam "Fot"]
[WhiteTeamCountry "HUN"]
[BlackTeamCountry "HUN"]

1. c4 Nf6 2. Nc3 d5 3. cxd5 Nxd5 4. g3 e5 5. Bg2 Be6 6. Nf3 Nc6 7. Qa4 Nb6 8. Qd1 Be7 9. 0-0 0-0 10. a3 Nd4 11. Nxd4 exd4 12. Na4 c6 13. d3 Nxa4 14. Qxa4 Qb6 15. b4 a5 16. bxa5 Rxa5 17. Qc2 Rfa8 18. Rb1 Rb5 19. Rxb5 Qxb5 20. Qb2 Qxb2 21. Bxb2 Bc5 22. Rb1 Kf8 23. Ra1 Ke7 24. Kf1 Ra5 25. Ke1 Kd6 26. Kd2 Rb5 27. Bc1 Bb6 28. e3 Ba5+ 29. Ke2 Bc3 30. a4 Rb3 31. Ra3 Rb1 32. Kd1 Bb4 33. Kc2 Rxc1+ 34. Kxc1 Bxa3+ 35. Kc2 Bc5 36. e4 Bb4 37. f4 f6 38. Bf3 b5 39. axb5 cxb5 40. g4 Bc3 41. Kb1 b4 42. h4 Bd2 43. e5+ fxe5 44. f5 Bd7 45. Be4 h6 46. Kc2 Be1 47. g5 hxg5 48. hxg5 Ke7 0-1

[Event "Budapest-chT1 Lilienthal 1314"]
[Site "Budapest"]
[Date "2014.03.09"]
[Round "9"]
[White "Mako, Zoltan"]
[Black "Kormos, Andras"]
[Result "0-1"]
[WhiteElo "1985"]
[BlackElo "2128"]
[PlyCount "72"]
[EventDate "2013.09.29"]
[EventType "team-tourn"]
[EventRounds "11"]
[EventCountry "HUN"]
[SourceTitle "EXT 2021"]
[Source "ChessBase"]
[SourceDate "2020.10.23"]
[SourceVersion "1"]
[SourceVersionDate "2020.10.23"]
[SourceQuality "1"]
[WhiteTeam "Csepel"]
[BlackTeam "Budapest EAC III"]
[WhiteTeamCountry "HUN"]
[BlackTeamCountry "HUN"]

1. e4 g6 2. d4 Bg7 3. Nf3 d6 4. Bd3 Nc6 5. c3 e5 6. 0-0 Nf6 7. h3 0-0 8. Bg5 a6 9. Qd2 Re8 10. Re1 b5 11. Na3 Qd7 12. Nc2 Rb8 13. a4 bxa4 14. d5 Ne7 15. Ne3 c6 16. c4 cxd5 17. cxd5 Qb7 18. Nc4 Qd7 19. Bc2 Qc7 20. Bd3 Nd7 21. Rec1 Nc5 22. Na5 Nxd5 23. exd5 e4 24. Re1 Rxb2 25. Bc2 Nb3 26. Nxb3 axb3 27. Rxe4 Rxe4 28. Qd3 Qxc2 29. Qf1 Re2 30. Bh4 Qe4 31. Rd1 Bxh3 32. Bg3 Bf5 33. Bxd6 Rxf2 34. Qxa6 Rxg2+ 35. Kh1 Rh2+ 36. Kg1 Qg4+ 0-1

[Event "Budapest-chT1 Lilienthal 1314"]
[Site "Budapest"]
[Date "2014.02.23"]
[Round "8"]
[White "Kormos, Andras"]
[Black "Piroska, Istvan"]
[Result "0-1"]
[WhiteElo "2128"]
[BlackElo "2115"]
[PlyCount "114"]
[EventDate "2013.09.29"]
[EventType "team-tourn"]
[EventRounds "11"]
[EventCountry "HUN"]
[SourceTitle "EXT 2021"]
[Source "ChessBase"]
[SourceDate "2020.10.23"]
[SourceVersion "1"]
[SourceVersionDate "2020.10.23"]
[SourceQuality "1"]
[WhiteTeam "Budapest EAC III"]
[BlackTeam "Penzugyor III"]
[WhiteTeamCountry "HUN"]
[BlackTeamCountry "HUN"]

1. c4 e5 2. Nc3 Nc6 3. g3 Nf6 4. Bg2 Bc5 5. e3 a6 6. Nge2 d6 7. d4 Ba7 8. d5 Ne7 9. h3 0-0 10. g4 Ng6 11. Rg1 h6 12. Ng3 Nh7 13. Nce4 Nh4 14. Bh1 b5 15. cxb5 axb5 16. b4 Kh8 17. a3 Ng5 18. Nxg5 Qxg5 19. e4 Qf6 20. Ra2 Bd4 21. Qd3 Ng6 22. Nh5 Qh4 23. Qf3 Bd7 24. Rg3 c6 25. g5 cxd5 26. gxh6 gxh6 27. Bxh6 dxe4 28. Qf6+ Qxf6 29. Nxf6 Be6 30. Rc2 Rfc8 31. Bxe4 Rxc2 32. Bxc2 e4 33. Bxe4 d5 34. Nxd5 Re8 35. Nc7 Re7 36. Nxb5 Be5 37. Re3 f5 38. Bd3 Rd7 39. f4 Nxf4 40. Bxf4 Bxf4 41. Rxe6 Rxd3 42. Rf6 Rd5 43. Rb6 Be3 44. Rb8+ Kg7 45. Ke2 f4 46. Nc7 Rh5 47. b5 Rxh3 48. Nd5 Bc1 49. a4 f3+ 50. Kf2 Bg5 51. Rb7+ Kg6 52. Rb6+ Kf7 53. Rb7+ Ke6 54. Rg7 Bh4+ 55. Ke3 f2+ 56. Ke2 Kxd5 57. Rf7 Rh1 0-1

[Event "HUN-chT2 Erkel 1314"]
[Site "Hungary"]
[Date "2014.02.16"]
[Round "7.3"]
[White "Kormos, Andras"]
[Black "Erdos, Boglarka"]
[Result "0-1"]
[WhiteElo "2128"]
[BlackElo "2203"]
[PlyCount "72"]
[EventDate "2013.09.08"]
[EventType "team-tourn"]
[EventRounds "11"]
[EventCountry "HUN"]
[SourceTitle "EXT 2016"]
[Source "ChessBase"]
[SourceDate "2015.10.08"]
[SourceVersion "1"]
[SourceVersionDate "2015.10.08"]
[SourceQuality "1"]
[WhiteTeam "Budapest EAC II"]
[BlackTeam "Dunaharaszti II"]
[WhiteTeamCountry "HUN"]
[BlackTeamCountry "HUN"]

1. c4 c6 2. Nf3 d5 3. b3 Nf6 4. Bb2 e6 5. e3 Nbd7 6. Nc3 Bd6 7. Qc2 0-0 8. Be2 Re8 9. Rc1 e5 10. cxd5 Nxd5 11. Nxd5 cxd5 12. d3 Nf6 13. e4 Bb4+ 14. Kf1 Bg4 15. h3 Rc8 16. Qb1 Bh5 17. g4 Bg6 18. Nxe5 Rxc1+ 19. Qxc1 dxe4 20. d4 e3 21. Qxe3 Ne4 22. Bc4 Nd2+ 23. Kg1 Nxc4 24. bxc4 f6 25. Qb3 fxe5 26. Qxb4 Be4 27. f3 Bxf3 28. Rh2 exd4 29. Rf2 Bc6 30. Qd2 Re4 31. Ba3 Re8 32. Bb2 Qd6 33. Rf4 Re1+ 34. Kf2 Re6 35. Qxd4 Qe7 36. Bc3 Qh4+ 0-1

[Event "Budapest-chT1 Lilienthal 1314"]
[Site "Budapest"]
[Date "2014.02.09"]
[Round "7"]
[White "Szabolcsi, Janos"]
[Black "Kormos, Andras"]
[Result "1-0"]
[WhiteElo "2353"]
[BlackElo "2128"]
[PlyCount "103"]
[EventDate "2013.09.29"]
[EventType "team-tourn"]
[EventRounds "11"]
[EventCountry "HUN"]
[SourceTitle "EXT 2021"]
[Source "ChessBase"]
[SourceDate "2020.10.23"]
[SourceVersion "1"]
[SourceVersionDate "2020.10.23"]
[SourceQuality "1"]
[WhiteTeam "Rakosliget"]
[BlackTeam "Budapest EAC III"]
[WhiteTeamCountry "HUN"]
[BlackTeamCountry "HUN"]

1. d4 g6 2. Nf3 Bg7 3. g3 Nf6 4. Bg2 d5 5. 0-0 b6 6. c4 c6 7. Ne5 0-0 8. Nc3 dxc4 9. Nxc4 Nd5 10. e4 Nxc3 11. bxc3 Ba6 12. Qb3 b5 13. Ne3 b4 14. Rd1 bxc3 15. Qxc3 Qd7 16. Ba3 Bb5 17. e5 Na6 18. Bb2 Ba4 19. Rdc1 Rab8 20. Bxc6 Bxc6 21. Qxc6 Qxc6 22. Rxc6 Rxb2 23. Rxa6 f6 24. e6 f5 25. Rd1 f4 26. gxf4 Rxf4 27. Rxa7 Bf6 28. d5 Be5 29. Ra8+ Kg7 30. d6 Bxd6 31. Rxd6 exd6 32. e7 Re4 33. e8Q Rxe8 34. Rxe8 Rxa2 35. Re7+ Kf6 36. Rxh7 Rd2 37. Kf1 Rd4 38. Ke2 d5 39. Rh8 Ke7 40. Rg8 Kf7 41. Rd8 Rh4 42. Rxd5 Rxh2 43. Kf3 Ke6 44. Rg5 Kf7 45. Ra5 Ke6 46. Ra6+ Kf7 47. Ng4 Rh5 48. Ke4 Kg7 49. Ra7+ Kf8 50. Ne5 Rg5 51. Ra6 Kg7 52. f4 1-0

[Event "Budapest-chT1 Lilienthal 1314"]
[Site "Budapest"]
[Date "2014.01.19"]
[Round "6"]
[White "Teglas, Balazs"]
[Black "Kormos, Andras"]
[Result "1-0"]
[WhiteElo "2209"]
[BlackElo "2128"]
[PlyCount "113"]
[EventDate "2013.09.29"]
[EventType "team-tourn"]
[EventRounds "11"]
[EventCountry "HUN"]
[SourceTitle "EXT 2021"]
[Source "ChessBase"]
[SourceDate "2020.10.23"]
[SourceVersion "1"]
[SourceVersionDate "2020.10.23"]
[SourceQuality "1"]
[WhiteTeam "Fabulon"]
[BlackTeam "Budapest EAC III"]
[WhiteTeamCountry "HUN"]
[BlackTeamCountry "HUN"]

1. d4 g6 2. Bf4 d6 3. e3 Nf6 4. h3 c5 5. Nf3 Qb6 6. Na3 a6 7. Nc4 Qc7 8. a4 b6 9. Be2 Bb7 10. 0-0 Nbd7 11. c3 Rc8 12. Bh2 Bxf3 13. gxf3 Qc6 14. Na3 Qb7 15. Qd3 Nb8 16. Rfd1 Bg7 17. d5 Qd7 18. Bf1 Rc7 19. Nc4 Rb7 20. e4 b5 21. axb5 axb5 22. Na5 c4 23. Qe3 Ra7 24. Qb6 0-0 25. b3 Ra6 26. Qe3 Qc7 27. b4 Qa7 28. Qd2 Nfd7 29. Bf4 Ne5 30. Be2 Rc8 31. Be3 Qd7 32. Kg2 f5 33. f4 Nd3 34. exf5 Qxf5 35. Nc6 Raxc6 36. dxc6 Nxc6 37. Ra6 Nd8 38. Bg4 Qd5+ 39. Bf3 Qf7 40. Be4 Ne6 41. Bxd3 cxd3 42. Qxd3 Rc4 43. Ra8+ Bf8 44. f5 gxf5 45. Kh2 f4 46. Rg1+ Ng7 47. Bd2 d5 48. Rb8 e6 49. Qf3 e5 50. Rxb5 Re4 51. Qd3 Qf5 52. Qxd5+ Kh8 53. Rg5 Qxg5 54. Qxe4 Qd8 55. Rd5 Qb6 56. Kg2 Bd6 57. Rxd6 1-0